000 02547cam a22005777i 4500
999 _c330348
_d330348
001 17271892
003 NUST
005 20170621122536.0
008 120425t20102010gw a 001 0 eng
010 _a 2012397744
015 _aGBB005317
_2bnb
015 _a09,N45,0686
_2dnb
016 7 _a99757352X
_2DE-101
016 7 _a101531906
_2DNLM
016 7 _a015463137
_2Uk
020 _a9783527325825 (alk. paper)
020 _a3527325824 (alk. paper)
035 _a(OCoLC)ocn624408821
040 _aNLM
_beng
_cNLM
_erda
_dUKM
_dGWDNB
_dBWX
_dOCLCQ
_dYDXCP
_dOHX
_dC#P
_dLMR
_dOBE
_dIAL
_dWIS
_dOCLCF
_dCHVBK
_dOCLCQ
_dOCLCO
_dDLC
042 _aukblcatcopy
_anlmcopyc
_alccopycat
050 0 0 _aRA1226
_b.S74 2010
060 0 0 _a2010 F-114
060 1 0 _aWA 670
082 0 4 _a615.902 OLO
_222
100 1 _aSterner, Olov.
_93037
245 1 0 _aChemistry, health, and environment /
_cOlov Sterner.
250 _aSecond, completely revised edition.
264 1 _aWeinheim :
_bWiley-Blackwell,
_c[2010]
264 4 _c©2010
300 _axiv, 399 pages :
_billustrations ;
_c25 cm
336 _atext
_btxt
_2rdacontent
337 _aunmediated
_bn
_2rdamedia
338 _avolume
_bnc
_2rdacarrier
500 _aIncludes index.
500 _aPrevious edition: 1999.
501 _aH.B
505 0 _a1. Chemicals and society -- 2. The chemicals of life and nature -- 3. Chemical properties -- 4. Uptake, distribution, and elimination of chemicals -- 5. Metabolism of exogenous compounds in mammals -- 6. Conversions and transformations in the environment -- 7. Toxic effects of chemicals -- 8. The molecular basis for genotoxicity and carcinogenicity -- 9. Hazardous chemicals -- 10. Environmental effects of chemicals.
650 0 _aChemicals
_xPhysiological effect.
_93038
650 0 _aEnvironmental toxicology.
_92452
650 1 2 _aHazardous Substances
_xtoxicity.
_93039
650 2 2 _aCarcinogens, Environmental.
_93040
650 2 2 _aEnvironmental Pollutants.
_93041
650 2 2 _aHazardous Substances
_xmetabolism.
_93042
650 7 _aChemicals
_xPhysiological effect.
_2fast
_0(OCoLC)fst00853299
_93038
650 7 _aEnvironmental toxicology.
_2fast
_0(OCoLC)fst00913536
_92452
650 7 _aChemikalie.
_2gnd
_0(DE-588)4009833-3
_93043
650 7 _aGesundheitsschädlicher Stoff.
_2gnd
_0(DE-588)4020767-5
_93044
650 0 7 _aChemikalie.
_2swd
_93043
650 0 7 _aGesundheitsschädlicher Stoff.
_2swd
_93044
906 _a7
_bcbc
_ccopycat
_d2
_encip
_f20
_gy-gencatlg
942 _2ddc
_cBK
_kIESE